000 nam a22 7a 4500
999 _c7958
_d7958
008 171118b xxu||||| |||| 00| 0 eng d
100 _94415
_bNCERT
245 _aMATHAMETICS LABORATORY MANUAL SECONDARY STAGE
260 _aNEW DELHI
_bNCERT
_c2012